Principles of management / (Record no. 14827)
[ view plain ]
| 000 -LEADER | |
|---|---|
| fixed length control field | 00642nam a22002297a 4500 |
| 001 - CONTROL NUMBER | |
| control field | BD-DhSAU 937 |
| 003 - CONTROL NUMBER IDENTIFIER | |
| control field | BD-DhSAU |
| 005 - DATE AND TIME OF LATEST TRANSACTION | |
| control field | 20191211103808.0 |
| 008 - FIXED-LENGTH DATA ELEMENTS--GENERAL INFORMATION | |
| fixed length control field | 150108b2003 ibg ||||r|||| 001 0 eng d |
| 020 ## - INTERNATIONAL STANDARD BOOK NUMBER | |
| International Standard Book Number | 8185386137 |
| 040 ## - CATALOGING SOURCE | |
| Original cataloging agency | BD-DhSAU |
| 082 ## - DEWEY DECIMAL CLASSIFICATION NUMBER | |
| Edition number | 22 |
| Classification number | 657 |
| Item number | T2792 |
| 100 ## - MAIN ENTRY--PERSONAL NAME | |
| Personal name | Terry, George R.. |
| 245 ## - TITLE STATEMENT | |
| Title | Principles of management / |
| Statement of responsibility, etc. | George R.Terry, |
| 260 ## - PUBLICATION, DISTRIBUTION, ETC. (IMPRINT) | |
| Place of publication, distribution, etc. | New Delhi : |
| Name of publisher, distributor, etc. | A.I.T.B.S. Publilshers and Distriutors ; |
| Date of publication, distribution, etc. | c2003. |
| 300 ## - PHYSICAL DESCRIPTION | |
| Extent | xvii, 614 p. : |
| Other physical details | il |
| Dimensions | 22 cm. |
| 504 ## - BIBLIOGRAPHY, ETC. NOTE | |
| Bibliography, etc | Include index and Bibliography. |
| 590 ## - Name of Cataloguer | |
| Name of Cataloger | kamim |
| 650 ## - SUBJECT ADDED ENTRY--TOPICAL TERM | |
| Topical term or geographic name as entry element | Management |
| 700 ## - ADDED ENTRY--PERSONAL NAME | |
| Personal name | Franklin, Stephen G. |
| 942 ## - ADDED ENTRY ELEMENTS (KOHA) | |
| Source of classification or shelving scheme | Dewey Decimal Classification |
| Koha item type | Book |
| Withdrawn status | Lost status | Source of classification or shelving scheme | Damaged status | Not for loan | Coded location qualifier | Home library | Branch Name | Shelving location | Date acquired | Coded location qualifier | Total Checkouts | Full call number | Barcode | Date last seen | Date checked out | Price effective from | Koha item type |
|---|---|---|---|---|---|---|---|---|---|---|---|---|---|---|---|---|---|
| Dewey Decimal Classification | | | SAU Library | SAU Library | General Stacks | 11/12/2019 | | | 1 | 657 T2792 | 41616 | 12/12/2023 | 25/09/2023 | 11/12/2019 | Book |
